IPL 2017 Quiz - Statistics

General Stats
  • This quiz has been taken 13 times
  • The average score is 5 of 15
Answer Stats
Question Answer % Correct
Who won the IPL? Mumbai Indians
92%
Who were the runners-up? Rising Pune Supergiants
83%
Who was the Orange Cap winner? David Warner
67%
Who became the first SRH player to score a 100? David Warner
50%
What was the highest individual score of the 2017 IPL? 126
33%
What were the best bowling figures of the 2017 IPL? 5/17
33%
What edition of the IPL was this? 10th
25%
Who was the Purple Cap winner? Bhuveneshwar Kumar
25%
What team had a NRR of +0.641 Kolkata Knight Riders
25%
Which team was placed last in the table? Royal Challengers Bangalore
25%
Who got the best bowling figures? Andrew Tye
17%
Who scored the fastest 50? Sunil Narine
17%
Who conceded the most runs in a match? Kagiso Rabada
0%
Who bowled the fastest ball? Pat Cummins
0%
Who bowled the most dot balls? Sunil Narine
0%
No matching quizzes found
Score Distribution
Percent of People with Each Score
Percentile by Number Answered
Your Score History
You have not taken this quiz